MARC details
| 000 -LEADER |
| fixed length control field |
01443cam a22003374a 4500 |
| 001 - CONTROL NUMBER |
| control field |
14284798 |
| 003 - CONTROL NUMBER IDENTIFIER |
| control field |
GZU |
| 005 - DATE AND TIME OF LATEST TRANSACTION |
| control field |
20240408094335.0 |
| 008 - FIXED-LENGTH DATA ELEMENTS--GENERAL INFORMATION |
| fixed length control field |
060303s2007 at ab b 001 0 eng |
| 010 ## - LIBRARY OF CONGRESS CONTROL NUMBER |
| LC control number |
2006923284 |
| 020 ## - INTERNATIONAL STANDARD BOOK NUMBER |
| International Standard Book Number |
0534621546 |
| 022 ## - INTERNATIONAL STANDARD SERIAL NUMBER |
| International Standard Serial Number |
No number |
| 040 ## - CATALOGING SOURCE |
| Original cataloging agency |
DLC |
| Transcribing agency |
DLC |
| Modifying agency |
DLC |
| 050 00 - LIBRARY OF CONGRESS CALL NUMBER |
| Classification number |
RM216 |
| Item number |
NEL 2007 |
| 082 00 - DEWEY DECIMAL CLASSIFICATION NUMBER |
| Classification number |
615.8/54 |
| Edition number |
22 |
| 245 00 - TITLE STATEMENT |
| Title |
Nutrition therapy and pathophysiology/ |
| Statement of responsibility, etc. |
Marcia N. Nelms ... [et al.]. |
| 260 ## - PUBLICATION, DISTRIBUTION, ETC. |
| Place of publication, distribution, etc. |
Australia; |
| -- |
Belmont, CA: |
| Name of publisher, distributor, etc. |
Wadsworth/Thomson, |
| Date of publication, distribution, etc. |
c2007. |
| 300 ## - PHYSICAL DESCRIPTION |
| Extent |
xxvi, 914 pages: |
| Other physical details |
illustrations (chiefly colour), colour maps; |
| Dimensions |
29 cm. |
| 504 ## - BIBLIOGRAPHY, ETC. NOTE |
| Bibliography, etc. note |
Includes bibliographical references ([R1]-R70) and index. |
| 505 ## - FORMATTED CONTENTS NOTE |
| Title |
Nutrition therapy and pathophyisiology |
| 520 ## - SUMMARY, ETC. |
| Summary, etc. |
The role of nutrition therapy in health care |
| 650 #0 - SUBJECT ADDED ENTRY--TOPICAL TERM |
| Topical term or geographic name entry element |
Diet therapy |
| Form subdivision |
Textbooks. |
| 650 #0 - SUBJECT ADDED ENTRY--TOPICAL TERM |
| Topical term or geographic name entry element |
Physiology, Pathological |
| Form subdivision |
Textbooks. |
| 700 1# - ADDED ENTRY--PERSONAL NAME |
| Personal name |
Nahikian-Nelms, Marcia. |
| 856 42 - ELECTRONIC LOCATION AND ACCESS |
| Materials specified |
Contributor biographical information |
| Uniform Resource Identifier |
<a href="http://www.loc.gov/catdir/enhancements/fy1515/2006923284-b.html">http://www.loc.gov/catdir/enhancements/fy1515/2006923284-b.html</a> |
| 856 42 - ELECTRONIC LOCATION AND ACCESS |
| Materials specified |
Publisher description |
| Uniform Resource Identifier |
<a href="http://www.loc.gov/catdir/enhancements/fy1515/2006923284-d.html">http://www.loc.gov/catdir/enhancements/fy1515/2006923284-d.html</a> |
| 856 41 - ELECTRONIC LOCATION AND ACCESS |
| Materials specified |
Table of contents only |
| Uniform Resource Identifier |
<a href="http://www.loc.gov/catdir/enhancements/fy1515/2006923284-t.html">http://www.loc.gov/catdir/enhancements/fy1515/2006923284-t.html</a> |
| 906 ## - LOCAL DATA ELEMENT F, LDF (RLIN) |
| a |
7 |
| b |
cbc |
| c |
orignew |
| d |
2 |
| e |
epcn |
| f |
20 |
| g |
y-gencatlg |
| 942 ## - ADDED ENTRY ELEMENTS (KOHA) |
| Source of classification or shelving scheme |
Library of Congress Classification |
| Koha item type |
Books |
| Classification part |
216 |
| Item part |
NEL |
| Call number prefix |
RM |